000 00308nam a2200145Ia 4500
100 _aNaughton Patrick
942 _cBK
654 _aComputer
245 _aJava Handbook
260 _bTata Mc Graw hill
_aNew Delhi
_c1996
082 _a005.133 J
_bNAU
300 _a424
546 _aENGLISH
999 _c18462
_d18462